مكتبة جامعة عجلون الوطنية

فهرس بحث المكتبة

مخرج بموجب مستند اخراج رقم 60 (Record no. 30007)

MARC details
000 -LEADER
fixed length control field 00407nam a22001577a 4500
003 - CONTROL NUMBER IDENTIFIER
control field JO-AjAnu
005 - DATE AND TIME OF LATEST TRANSACTION
control field 20240109122931.0
008 - FIXED-LENGTH DATA ELEMENTS--GENERAL INFORMATION
fixed length control field 240109b jo ||||| |||| 00| 0 ara d
040 ## - CATALOGING SOURCE
Transcribing agency anu
041 ## - LANGUAGE CODE
Language code of text/sound track or separate title ara
245 00 - TITLE STATEMENT
Title مخرج بموجب مستند اخراج رقم 60
336 ## - CONTENT TYPE
Content type term text
Content type code txt
Source rdacontent
337 ## - MEDIA TYPE
Media type term unmediated
Media type code n
Source rdamedia
338 ## - CARRIER TYPE
Carrier type term volume
Carrier type code nc
Source rdacarrier
942 ## - ADDED ENTRY ELEMENTS (KOHA)
Source of classification or shelving scheme Library of Congress Classification
Koha item type Books
Holdings
Withdrawn status Lost status Source of classification or shelving scheme Damaged status Not for loan Home library Current library Shelving location Date acquired Total Checkouts Full call number Barcode Date last seen Price effective from Koha item type
    Library of Congress Classification     مكتبة جامعة عجلون الوطنية مكتبة جامعة عجلون الوطنية   06/06/2023   DS39.A218.2018 A26439 06/06/2023 06/06/2023 Reference